000 00272nam a2200109Ia 4500
008 220204s9999 xx 000 0 und d
082 _a066.01
_bSMI
100 _aSmith, J M
245 0 _aChemical engineering kinetics
260 _aNew York
_bMcGraw Hill
_c1956
942 _cBK
999 _c20296
_d20296